00390nam a2200145Ia 4500008004100000020001500041041001200056082001600068100001900084245007900103260002500182300000800207650001400215700001500229221030s9999 xx 000 0 und d a8120321863 aEnglish a105.23bRaj aS. Rajasekaran 0aNeural Networks, Fuzzy Logic, & Genetic Alogrithms Synthesis & Application bPHIaNew Delhic2006 a439 aComputers aG.A.V. Pai